| 000 | 00550nam a2200181 a 4500 | ||
|---|---|---|---|
| 005 | 20260327064202.0 | ||
| 008 | 991125s1977 ea 000 0 eng u | ||
| 035 | _aUPN01000004508 | ||
| 049 | _aCG | ||
| 050 | 4 |
_aLB2369 _bO7.3 |
|
| 100 | 1 | _aOrlich, Donald C. | |
| 245 | 1 | 4 |
_aThe art of writing successful R & D proposals / _cDonald C. Orlich and Patricia Rend Orlich. |
| 260 |
_aPleasantville, N. Y. : _bRedgrave, _c1977. |
||
| 300 | _a73 p. | ||
| 650 | 4 |
_aRedacción de informes _912161 |
|
| 700 | 1 |
_aOrlich, Patricia Rend, _ecoaut. |
|
| 905 | _aLibro | ||
| 999 |
_c4508 _d4508 |
||